000
00269nam a2200109Ia 4500
008
190216s9999||||xx |||||||||||||| ||und||
100
_a
Aboobacker Kunju
245
0
_a
English Grammer And Competitions
260
_b
Prabhath Book House
650
_a
English
942
_c
BK
999
_c
13565
_d
13565